00737cam 22002651 450000100070000000500170000700800410002403500210006590600450008601000170013104000170014805000210016508200080018610000290019424500090022326000390023230000190027149000340029065000090032465000180033365000160035198500200036799100600038709900240044774948720001030111142.0751006s1958 nyu 000 0 eng  9(DLC) 58059755 a7bcbccorignewdueocipf19gy-gencatlg a 58059755  aDLCcWadDLC00aN7445b.B53 195800a7041 aBell, Clive,d1881-1964.10aArt. aNew York,bCapricorn Booksc[1958] a190 p.c19 cm.0 aA Putnam Capricorn book, CAP4 0aArt. 0aArtxHistory. 0aAesthetics. aWSL/WSLeCOMARC bc-GenCollhN7445i.B53 1958p00020512593tCopy 1wBOOKS abell-art-1072278981